000 00661nam a2200241 i 4500
001 C2-0322065
003 PPAK
005 20180728121105.0
008 130422s2005 cc |||| ||||| | chi d
020 _a7111151712
040 _aPPAK
_beng
_cPPAK
_erda
082 0 4 _a658.4092
_223
090 0 0 _a658.4092
_bLUG
_dR
100 1 _aLu, Guo Rong,
_eauthor
245 1 0 _aBill Gates :
_bten principles for outstanding employees
264 1 _aChina :
_bChina Machine Press ,
_c2005
300 _a250 pages ;
_c23 cm
336 _2rdacontent
_atext
337 _2rdamedia
_aunmediated
338 _2rdacarrier
_avolume
650 1 0 _aLeadership
942 _ddc
_cB
999 _c122444
_d122444